000 00416nam a22001577a 4500
003 macl
005 20170614124651.0
008 170614b xxu||||| |||| 00| 0 eng d
040 _cmacl
082 _a352.63 / ROY
100 _aRoy,rai bahadur G.K.
_967467
245 _aThe all India services manual
260 _aAllahabad
_bThe University Book Agency
_c1972
650 _aPublic act.
_967468
942 _2ddc
_cBK
999 _c56535
_d56535